Community organization and social action : (Record no. 71936)

MARC details
000 -LEADER
fixed length control field 00895nam a22002297a 4500
005 - DATE AND TIME OF LATEST TRANSACTION
control field 20121207120156.0
008 - FIXED-LENGTH DATA ELEMENTS--GENERAL INFORMATION
fixed length control field 121207t xxu||||| |||| 00| 0 eng d
010 ## - LCCN (DPL NO)
LC control number ENG-106281
020 ## - INTERNATIONAL STANDARD BOOK NUMBER
International Standard Book Number 9788184841534
Terms of availability 1380.00
035 ## - SYSTEM CONTROL NUMBER
System control number EN-89814
037 ## - SOURCE OF ACQUISITION
Source of stock number/acquisition DBAD/PUB
040 ## - CATALOGING SOURCE
Original cataloging agency DPL
Language of cataloging Eng
082 ## - DEWEY DECIMAL CLASSIFICATION NUMBER
Classification number 307.1412
100 ## - MAIN ENTRY--PERSONAL NAME
9 (RLIN) 54009
Personal name Lakashmipathi Raju, M.
245 ## - TITLE STATEMENT
Title Community organization and social action :
Statement of responsibility, etc by M. Lakshmipathi Raju
Remainder of title social work methods and practices /
260 ## - PUBLICATION, DISTRIBUTION, ETC. (IMPRINT)
Place of publication, distribution, etc New Delhi
Name of publisher, distributor, etc Regal Publications
Date of publication, distribution, etc 2012
270 ## - ADDRESS
Address F-159 Rajouri Garden
City New Delhi
Postal code 110027
300 ## - PHYSICAL DESCRIPTION
Extent xxviii,361p.
Dimensions 23cm(Hb)
500 ## - GENERAL NOTE
General note Includes bibliographical references and index
942 ## - ADDED ENTRY ELEMENTS (KOHA)
Source of classification or shelving scheme Dewey Decimal Classification
Item type English Books
Call number suffix LAK
Classification part 307.1412
Holdings
Withdrawn status Lost status Source of classification or shelving scheme Damaged status Not for loan Collection code Home library Current library Date acquired Source of acquisition Cost, normal purchase price Total Checkouts Full call number Barcode Date last seen Copy number Cost, replacement price Koha item type
    Dewey Decimal Classification   Not For Loan Non-fiction D.B.Act.Division D.B.Act.Division 07/12/2012 DBAD/PUB 1380.00   307.1412 LAK EN-89814 07/12/2012 1 1380.00 English Books

© Delhi Public Library
Hit Counter
free hit counter